[Event "Gatineau LEO-B"]
[Site "Gatineau CAN"]
[Date "2012.05.12"]
[Round "6"]
[White "Pilon, Robert"]
[Black "Rose, Richard1"]
[Result "0-1"]
[WhiteElo "1507"]
[BlackElo "1787"]
[PlyCount "40"]
[GameId "2160767909509796"]
[EventDate "2012.04.10"]
[EventType "swiss"]
[EventRounds "6"]
[EventCountry "CAN"]
[SourceTitle "EXT 2013"]
[Source "ChessBase"]
[SourceDate "2012.11.22"]
[SourceVersion "1"]
[SourceVersionDate "2012.11.22"]
[SourceQuality "1"]

1. e4 c5 2. Nf3 d6 3. c3 g6 4. d4 cxd4 5. cxd4 Bg7 6. Nc3 Nf6 7. Be2 O-O 8. O-O a6 9. Bg5 Nbd7 10. Qd2 b5 11. b4 Bb7 12. d5 Rc8 13. Rac1 Nb6 14. a3 Qd7 15. Qe3 Nc4 16. Bxc4 Rxc4 17. Nd2 Ng4 18. Qf3 Ne5 19. Qe3 Rc7 20. Bh6 Ng4 0-1

[Event "Gatineau LEO-B"]
[Site "Gatineau CAN"]
[Date "2012.05.12"]
[Round "6"]
[White "Scantland, Patrick"]
[Black "Lemieux, Denis"]
[Result "1-0"]
[WhiteElo "1795"]
[BlackElo "1481"]
[PlyCount "63"]
[GameId "2160767909509797"]
[EventDate "2012.04.10"]
[EventType "swiss"]
[EventRounds "6"]
[EventCountry "CAN"]
[SourceTitle "EXT 2013"]
[Source "ChessBase"]
[SourceDate "2012.11.22"]
[SourceVersion "1"]
[SourceVersionDate "2012.11.22"]
[SourceQuality "1"]

1. d4 b5 2. e4 a6 3. Bd3 Bb7 4. Nf3 e6 5. O-O g6 6. c3 Bg7 7. Bg5 Ne7 8. Nbd2 O-O 9. Re1 d6 10. Qb3 Bc8 11. d5 e5 12. c4 bxc4 13. Nxc4 Nd7 14. Na5 f6 15. Be3 Rb8 16. Qc2 c5 17. dxc6 Qxa5 18. cxd7 Bxd7 19. b3 Bb5 20. Red1 Bxd3 21. Qxd3 Rfd8 22. Rac1 d5 23. exd5 Qxa2 24. d6 Nf5 25. Qc4+ Kh8 26. Qf7 Nxe3 27. fxe3 Qxb3 28. Qxb3 Rxb3 29. Rc8 Rb8 30. Rxb8 Rxb8 31. d7 Rd8 32. Rc1 1-0

[Event "Gatineau LEO-B"]
[Site "Gatineau CAN"]
[Date "2012.05.12"]
[Round "6"]
[White "Traversy, Pierre"]
[Black "Simard, Paul"]
[Result "1-0"]
[WhiteElo "1079"]
[BlackElo "1170"]
[PlyCount "80"]
[GameId "2160767738660352"]
[EventDate "2012.04.10"]
[EventType "swiss"]
[EventRounds "6"]
[EventCountry "CAN"]

1. d4 d6 2. Nf3 g6 3. e4 Nf6 4. Nc3 Bg7 5. h3 O-O 6. Bd3 c5 7. d5 Na6 8. a3 Bd7 9. Rb1 Rc8 10. Bd2 c4 11. Be2 Nc5 12. Be3 Qa5 13. Qd2 Nfxe4 14. Nxe4 Qxd2+ 15. Nfxd2 b5 16. Nxc5 dxc5 17. c3 Bf5 18. Rc1 Rfd8 19. Bf3 h5 20. O-O a5 21. b3 cxb3 22. Nxb3 Bd3 23. Rfe1 c4 24. Nxa5 Ra8 25. Nc6 Re8 26. Bc5 Bf6 27. Bb4 Ra6 28. Nxe7+ Kh7 29. d6 Rd8 30. Nd5 Bg5 31. Ra1 Ra7 32. g3 f5 33. h4 Bd2 34. Re7+ Rxe7 35. Nxe7 f4 36. g4 hxg4 37. Bxg4 Rf8 38. a4 bxa4 39. Rxa4 f3 40. Ra6 Rf4 {Ici, les Blancs jouent le coup illégal 41. Ce5 qui passe inaperçu et la partie se termine par 41&#8230; Te4 42. Ta7 + Rh6 43. Cf7 + Rg7 44. Cg5 + Rf6 45. C x e4 Fxe4 46. d7 Re5 47. e8 = D Rf4 48. Dg5#} 1-0

[Event "Gatineau Nez Rouge"]
[Site "Gatineau CAN"]
[Date "2012.11.20"]
[Round "1"]
[White "Arsenault, Yves"]
[Black "Traversy, Pierre"]
[Result "1-0"]
[WhiteElo "1536"]
[BlackElo "1136"]
[PlyCount "97"]
[GameId "2160767909411326"]
[EventDate "2012.11.20"]
[EventType "swiss"]
[EventRounds "5"]
[EventCountry "CAN"]
[SourceTitle "EXT 2022"]
[Source "ChessBase"]
[SourceDate "2021.10.06"]
[SourceVersion "1"]
[SourceVersionDate "2021.10.06"]
[SourceQuality "1"]

1. e4 c5 2. Nf3 e6 3. d4 cxd4 4. Nxd4 e5 5. Nf5 d6 6. Bb5+ Nc6 7. Ne3 Nf6 8. Nc3 a6 9. Bd3 Bd7 10. O-O b5 11. a3 g6 12. f4 exf4 13. Rxf4 Bg7 14. Ncd5 Nxd5 15. Nxd5 Ne7 16. Nf6+ Bxf6 17. Rxf6 Be6 18. Be3 Rc8 19. Bd4 Rg8 20. Rf2 Qd7 21. Qd2 d5 22. Re1 Rc6 23. Bf6 Rd6 24. e5 Rc6 25. Qh6 Kd8 26. Qxh7 Re8 27. Qh4 Kc8 28. a4 Rb6 29. axb5 axb5 30. Qd4 Qc7 31. Ra1 Kb8 32. Qb4 Qb7 33. Qc5 Ng8 34. Bg5 Rc8 35. Qb4 Re8 36. Ra5 Ne7 37. Bxe7 Rxe7 38. Rxb5 Rxb5 39. Bxb5 Rc7 40. Qa4 Qb6 41. Bd3 Bf5 42. Bxf5 gxf5 43. Qb3 Qxb3 44. cxb3 Rc1+ 45. Rf1 Rxf1+ 46. Kxf1 Kc7 47. Ke2 Kc6 48. h4 d4 49. h5 1-0

[Event "Gatineau Nez Rouge"]
[Site "Gatineau CAN"]
[Date "2012.11.20"]
[Round "1"]
[White "Carabineanu, Marcel"]
[Black "Morel, Joseph"]
[Result "0-1"]
[WhiteElo "1294"]
[BlackElo "1640"]
[PlyCount "98"]
[GameId "2160767909411327"]
[EventDate "2012.11.20"]
[EventType "swiss"]
[EventRounds "5"]
[EventCountry "CAN"]
[SourceTitle "EXT 2022"]
[Source "ChessBase"]
[SourceDate "2021.10.06"]
[SourceVersion "1"]
[SourceVersionDate "2021.10.06"]
[SourceQuality "1"]

1. e4 c5 2. Bc4 e6 3. Nf3 Nc6 4. a3 Nf6 5. Nc3 Be7 6. d3 d5 7. Bb5 dxe4 8. Bxc6+ bxc6 9. dxe4 Qa5 10. Bd2 Qb6 11. Rb1 Ba6 12. e5 Nd5 13. Ne2 O-O 14. O-O Rfd8 15. Re1 Rab8 16. b3 c4 17. bxc4 Qxb1 18. Qxb1 Rxb1 19. Rxb1 Bxc4 20. Ned4 Bxa3 21. Nxc6 Ra8 22. Rb7 Bc5 23. Ng5 Ba6 24. Rb1 Rc8 25. Na5 Ba3 26. h3 Rxc2 27. Rb8+ Rc8 28. Rb3 Be7 29. Ne4 Nb6 30. Be3 Bd8 31. Nc5 Nc4 32. Nxa6 Nxe3 33. Nb7 Nd5 34. Nd6 Ra8 35. Rb7 Ne7 36. Kh2 Kf8 37. Nc4 Ng6 38. g3 Bb6 39. f4 Rc8 40. Nd6 Rc2+ 41. Kh1 Ra2 42. Rxf7+ Kg8 43. Nb4 Ra4 44. Nc6 Ra1+ 45. Kg2 Ra2+ 46. Kf3 Ra3+ 47. Kg4 Bf2 48. f5 Rxg3+ 49. Kh5 Nf4+ 0-1

[Event "Gatineau Nez Rouge"]
[Site "Gatineau CAN"]
[Date "2012.11.20"]
[Round "1"]
[White "Danilov, Alex"]
[Black "Berthiaume, Serge"]
[Result "1-0"]
[WhiteElo "1693"]
[BlackElo "1418"]
[PlyCount "67"]
[GameId "2160767909411328"]
[EventDate "2012.11.20"]
[EventType "swiss"]
[EventRounds "5"]
[EventCountry "CAN"]
[SourceTitle "EXT 2022"]
[Source "ChessBase"]
[SourceDate "2021.10.06"]
[SourceVersion "1"]
[SourceVersionDate "2021.10.06"]
[SourceQuality "1"]

1. c4 Nf6 2. g3 g6 3. Bg2 Bg7 4. Nc3 O-O 5. e4 c5 6. Nge2 Nc6 7. d4 cxd4 8. Nxd4 Nxd4 9. Qxd4 Ng4 10. Qd3 Qb6 11. O-O Bd4 12. Nd1 Ne5 13. Qe2 d6 14. Be3 Be6 15. b3 Bg4 16. f3 Bxe3+ 17. Nxe3 Bd7 18. Kh1 a5 19. f4 Nc6 20. Qf2 a4 21. Rab1 Nb4 22. Qd2 Qc5 23. bxa4 Rxa4 24. a3 Nc6 25. Rxb7 Be6 26. Rc1 Rxa3 27. Nd5 Re8 28. f5 Bxd5 29. cxd5 Qd4 30. Qg5 Ra1 31. dxc6 f6 32. Qf4 g5 33. Qf1 Qe3 34. Rxa1 1-0

[Event "Gatineau Nez Rouge"]
[Site "Gatineau CAN"]
[Date "2012.11.20"]
[Round "1"]
[White "Desjardins, Michel"]
[Black "Dagenais, Benoit"]
[Result "1-0"]
[WhiteElo "1887"]
[BlackElo "1735"]
[PlyCount "53"]
[GameId "2160767909411329"]
[EventDate "2012.11.20"]
[EventType "swiss"]
[EventRounds "5"]
[EventCountry "CAN"]
[SourceTitle "EXT 2022"]
[Source "ChessBase"]
[SourceDate "2021.10.06"]
[SourceVersion "1"]
[SourceVersionDate "2021.10.06"]
[SourceQuality "1"]

1. e4 Nf6 2. Nc3 d5 3. e5 d4 4. Nce2 Ne4 5. c3 Nc6 6. cxd4 e6 7. a3 f6 8. f4 fxe5 9. d3 Qh4+ 10. g3 Nxg3 11. Nf3 Qg4 12. Nxg3 exf4 13. Ne4 Be7 14. Rg1 Bh4+ 15. Nf2 Bxf2+ 16. Kxf2 Qh5 17. Rxg7 e5 18. Rg5 Qh6 19. d5 Nd4 20. Rxe5+ Kf7 21. Nxd4 Qh4+ 22. Kg1 Rg8+ 23. Kh1 Bg4 24. Be2 Bf3+ 25. Bxf3 Qf2 26. Rf5+ Ke7 27. Qe2+ 1-0

[Event "Gatineau Nez Rouge"]
[Site "Gatineau CAN"]
[Date "2012.11.20"]
[Round "1"]
[White "Guimond, Michel"]
[Black "Rose, Richard1"]
[Result "1-0"]
[WhiteElo "1991"]
[BlackElo "1885"]
[PlyCount "97"]
[GameId "2160767909411330"]
[EventDate "2012.11.20"]
[EventType "swiss"]
[EventRounds "5"]
[EventCountry "CAN"]
[SourceTitle "EXT 2022"]
[Source "ChessBase"]
[SourceDate "2021.10.06"]
[SourceVersion "1"]
[SourceVersionDate "2021.10.06"]
[SourceQuality "1"]

1. e4 c5 2. Nf3 Nc6 3. d4 cxd4 4. Nxd4 d6 5. Bc4 e6 6. a4 Nf6 7. Nc3 a6 8. Bb3 Bd7 9. f4 Be7 10. f5 Nxd4 11. Qxd4 exf5 12. Bg5 O-O 13. O-O Nxe4 14. Bxe7 Qxe7 15. Nd5 Qg5 16. Rf4 Nc5 17. h4 Qd8 18. Ba2 Ne6 19. Qf2 Nxf4 20. Qxf4 Be6 21. h5 Bxd5 22. Bxd5 Qb6+ 23. Kh1 Qxb2 24. Rf1 Qf6 25. Rf3 Rfe8 26. Rf1 Rab8 27. g3 b5 28. axb5 axb5 29. Qd2 Re7 30. Rf2 Qe5 31. Kg2 h6 32. Qd3 f4 33. Rxf4 Qxh5 34. Bf3 Qc5 35. Bd5 Rf8 36. Rd4 Rc7 37. Bb3 Re7 38. Rxd6 Qh5 39. Rd5 Re5 40. Qxb5 Rxd5 41. Bxd5 Qg5 42. Qd3 Re8 43. Qf3 Qe7 44. c4 Rb8 45. Qf5 g6 46. Qxg6+ Kf8 47. Qxh6+ Ke8 48. Qh8+ Qf8 49. Bc6+ 1-0

[Event "Gatineau Nez Rouge"]
[Site "Gatineau CAN"]
[Date "2012.11.20"]
[Round "1"]
[White "Jiang, Qizhe"]
[Black "Lavergne, Daniel"]
[Result "0-1"]
[WhiteElo "1440"]
[BlackElo "1708"]
[PlyCount "148"]
[GameId "2160767909411331"]
[EventDate "2012.11.20"]
[EventType "swiss"]
[EventRounds "5"]
[EventCountry "CAN"]
[SourceTitle "EXT 2022"]
[Source "ChessBase"]
[SourceDate "2021.10.06"]
[SourceVersion "1"]
[SourceVersionDate "2021.10.06"]
[SourceQuality "1"]

1. e4 c5 2. Nf3 d6 3. d4 cxd4 4. Nxd4 Nf6 5. Nc3 g6 6. f3 Bg7 7. Be3 O-O 8. Qd2 Nc6 9. O-O-O Nxd4 10. Bxd4 Be6 11. Nd5 Bxd5 12. exd5 Qd7 13. Bc4 b5 14. Bb3 a5 15. a3 Rfc8 16. Kb1 b4 17. a4 Qf5 18. Qf2 Rc7 19. g4 Qc8 20. h4 Nd7 21. Bxg7 Kxg7 22. h5 Nf8 23. g5 Qf5 24. f4 Rac8 25. Rh2 Kg8 26. Rdh1 Rc5 27. hxg6 fxg6 28. Re1 R8c7 29. Qd2 Qg4 30. Rhe2 Kf7 31. Re4 Qc8 32. Qe2 Qd8 33. Rc4 Qd7 34. Rxc5 Rxc5 35. Qd3 Qf5 36. Re4 Qc8 37. Qe2 Qd8 38. Rc4 Rxc4 39. Qxc4 Nd7 40. c3 bxc3 41. Qxc3 Nc5 42. Bc2 Qb6 43. b3 Nxa4 44. Qc6 Qg1+ 45. Ka2 Nc5 46. Qb5 Qf2 47. Qc4 Qd2 48. Ka3 Qe1 49. Kb2 Qb4 50. Qxb4 axb4 51. f5 Kg7 52. fxg6 hxg6 53. Bb1 e5 54. dxe6 Nxe6 55. Kc2 Nxg5 56. Kd3 Nf3 57. Ke3 Ne5 58. Ke4 Kf6 59. Kd5 Ke7 60. Be4 g5 61. Bg2 g4 62. Ke4 Ke6 63. Kd4 Nf3+ 64. Kc4 d5+ 65. Kxb4 Ne1 66. Bh1 g3 67. Kc5 g2 68. Bxg2 Nxg2 69. Kd4 Ne1 70. Kc3 Ke5 71. b4 d4+ 72. Kd2 Nf3+ 73. Kd3 Kd5 74. b5 Ne5+ 0-1

[Event "Gatineau Nez Rouge"]
[Site "Gatineau CAN"]
[Date "2012.11.20"]
[Round "1"]
[White "Jobin, Gilles G"]
[Black "Groleau, Gilles"]
[Result "1/2-1/2"]
[WhiteElo "1816"]
[BlackElo "1949"]
[PlyCount "97"]
[GameId "2160767909411332"]
[EventDate "2012.11.20"]
[EventType "swiss"]
[EventRounds "5"]
[EventCountry "CAN"]
[SourceTitle "EXT 2022"]
[Source "ChessBase"]
[SourceDate "2021.10.06"]
[SourceVersion "1"]
[SourceVersionDate "2021.10.06"]
[SourceQuality "1"]

1. Nf3 Nf6 2. g3 b6 3. Bg2 Bb7 4. O-O e6 5. d4 Be7 6. c4 O-O 7. Nc3 Ne4 8. Qc2 Nxc3 9. Qxc3 f5 10. h4 Bf6 11. Bg5 d6 12. Bxf6 Qxf6 13. Ng5 Bxg2 14. Kxg2 Nd7 15. Rad1 h6 16. Nh3 Rad8 17. f4 c5 18. Rf3 cxd4 19. Qxd4 Qxd4 20. Rxd4 Nc5 21. Nf2 Rd7 22. b4 Nb7 23. e4 fxe4 24. Nxe4 Rfd8 25. Rfd3 Rc8 26. Nxd6 Nxd6 27. Rxd6 Rxd6 28. Rxd6 Rxc4 29. Rxe6 Rxb4 30. Re2 Kf7 31. Kf3 Ra4 32. h5 b5 33. Rc2 Ra3+ 34. Ke4 Rxg3 35. Rc7+ Kg8 36. Rxa7 b4 37. Rb7 Ra3 38. Rxb4 Rxa2 39. Rb8+ Kf7 40. Rb7+ Kg8 41. Kf5 Rg2 42. Rb6 Kh7 43. Rb7 Rh2 44. Kg4 Kg8 45. Ra7 Rb2 46. Kf5 Rb5+ 47. Kg6 Rb6+ 48. Kf5 Rf6+ 49. Kg4 1/2-1/2

[Event "Gatineau Nez Rouge"]
[Site "Gatineau CAN"]
[Date "2012.11.20"]
[Round "1"]
[White "Kouassi, Karen"]
[Black "Raymond, Daniel"]
[Result "0-1"]
[WhiteElo "1167"]
[BlackElo "1542"]
[PlyCount "38"]
[GameId "2160767909411333"]
[EventDate "2012.11.20"]
[EventType "swiss"]
[EventRounds "5"]
[EventCountry "CAN"]
[SourceTitle "EXT 2022"]
[Source "ChessBase"]
[SourceDate "2021.10.06"]
[SourceVersion "1"]
[SourceVersionDate "2021.10.06"]
[SourceQuality "1"]

1. e4 c5 2. Nf3 d6 3. Bc4 Nc6 4. d3 Bg4 5. h3 Bxf3 6. gxf3 g6 7. f4 Bg7 8. Na3 Nf6 9. e5 dxe5 10. fxe5 Nxe5 11. Bf4 Nxc4 12. Nxc4 O-O 13. c3 Qd5 14. Rh2 Rad8 15. Ne5 Nh5 16. Qg4 Nxf4 17. O-O-O Bxe5 18. c4 Qd4 19. Rhh1 Qxb2# 0-1

[Event "Gatineau Nez Rouge"]
[Site "Gatineau CAN"]
[Date "2012.11.20"]
[Round "1"]
[White "Lecorre, Joel"]
[Black "Labelle, Julien Sylvain"]
[Result "1-0"]
[WhiteElo "1607"]
[BlackElo "1174"]
[PlyCount "45"]
[GameId "2160767909411334"]
[EventDate "2012.11.20"]
[EventType "swiss"]
[EventRounds "5"]
[EventCountry "CAN"]
[SourceTitle "EXT 2022"]
[Source "ChessBase"]
[SourceDate "2021.10.06"]
[SourceVersion "1"]
[SourceVersionDate "2021.10.06"]
[SourceQuality "1"]

1. e4 e5 2. Nf3 Nf6 3. d4 Nc6 4. d5 Ne7 5. Bd3 Ng6 6. O-O d6 7. h3 Be7 8. Be3 O-O 9. c4 c5 10. Nc3 b6 11. a3 Bd7 12. b4 Qc8 13. Qd2 Ng4 14. hxg4 Bxg4 15. Nh2 f5 16. exf5 Nf4 17. Nxg4 Qe8 18. Bxf4 exf4 19. Rfe1 Qh5 20. Qe2 Rae8 21. Nf6+ Rxf6 22. Qxh5 Rh6 23. Qxe8+ 1-0

[Event "Gatineau Nez Rouge"]
[Site "Gatineau CAN"]
[Date "2012.11.20"]
[Round "1"]
[White "Lemieux, Denis"]
[Black "Legare, Gilles"]
[Result "1-0"]
[WhiteElo "1460"]
[BlackElo "1039"]
[PlyCount "105"]
[GameId "2160767909411335"]
[EventDate "2012.11.20"]
[EventType "swiss"]
[EventRounds "5"]
[EventCountry "CAN"]
[SourceTitle "EXT 2022"]
[Source "ChessBase"]
[SourceDate "2021.10.06"]
[SourceVersion "1"]
[SourceVersionDate "2021.10.06"]
[SourceQuality "1"]

1. d4 e6 2. c4 d6 3. Nc3 a6 4. e4 c6 5. Bd3 Be7 6. Nf3 b5 7. b3 b4 8. Ne2 c5 9. d5 Nd7 10. dxe6 fxe6 11. O-O e5 12. Nd2 Ngf6 13. f4 O-O 14. f5 Nh5 15. Nf3 a5 16. Be3 Qe8 17. g4 Nhf6 18. h3 Bb7 19. Ng3 Bc6 20. Ng5 Ra7 21. Ne6 Rf7 22. g5 a4 23. gxf6 Nxf6 24. Bg5 a3 25. Bxf6 Bxf6 26. Nh5 Bd7 27. Nxf6+ Rxf6 28. Ng5 h6 29. Nf3 g6 30. Kh2 g5 31. Rg1 Qh5 32. Ne1 Qf7 33. h4 Kh8 34. Be2 Be8 35. Nc2 Qh7 36. Bh5 Bxh5 37. Qxh5 Ra8 38. hxg5 hxg5 39. Qxh7+ Kxh7 40. Rxg5 Rh6+ 41. Kg2 Rg8 42. Rxg8 Kxg8 43. Rh1 Rxh1 44. Kxh1 Kg7 45. Kg2 Kf6 46. Kg3 Kg5 47. Ne3 Kf6 48. Kg4 Kg7 49. Kg5 Kf7 50. Nd5 Kg7 51. Nb6 Kf7 52. f6 Ke8 53. Kg6 1-0

[Event "Gatineau Nez Rouge"]
[Site "Gatineau CAN"]
[Date "2012.11.20"]
[Round "1"]
[White "Simard, Paul"]
[Black "Pilon, Robert"]
[Result "1-0"]
[WhiteElo "1125"]
[BlackElo "1529"]
[PlyCount "41"]
[GameId "2160767909411336"]
[EventDate "2012.11.20"]
[EventType "swiss"]
[EventRounds "5"]
[EventCountry "CAN"]
[SourceTitle "EXT 2022"]
[Source "ChessBase"]
[SourceDate "2021.10.06"]
[SourceVersion "1"]
[SourceVersionDate "2021.10.06"]
[SourceQuality "1"]

1. e4 e6 2. Nf3 d5 3. exd5 exd5 4. d4 Bg4 5. h3 Bh5 6. Nc3 Nf6 7. Bd3 Be7 8. O-O O-O 9. b3 c6 10. Ne2 Bxf3 11. gxf3 Qc8 12. Nf4 g5 13. Ng2 Nh5 14. f4 Nxf4 15. Bxf4 gxf4 16. Qh5 f5 17. Nxf4 Bb4 18. a3 Bc3 19. Rae1 Bxe1 20. Rxe1 Na6 21. Re7 1-0

[Event "Gatineau Nez Rouge"]
[Site "Gatineau CAN"]
[Date "2012.11.27"]
[Round "2"]
[White "Arsenault, Yves"]
[Black "Danilov, Alex"]
[Result "1/2-1/2"]
[WhiteElo "1536"]
[BlackElo "1693"]
[PlyCount "107"]
[GameId "2160767909411337"]
[EventDate "2012.11.20"]
[EventType "swiss"]
[EventRounds "5"]
[EventCountry "CAN"]
[SourceTitle "EXT 2022"]
[Source "ChessBase"]
[SourceDate "2021.10.06"]
[SourceVersion "1"]
[SourceVersionDate "2021.10.06"]
[SourceQuality "1"]

1. e4 c5 2. Nf3 e6 3. d4 cxd4 4. Nxd4 Nc6 5. Nc3 Qc7 6. Be2 Nf6 7. O-O a6 8. Bg5 Be7 9. Bf3 Ng4 10. Bxg4 Bxg5 11. Nf3 Be7 12. h4 O-O 13. a3 b5 14. Re1 Bb7 15. Qd3 d6 16. Rad1 Rad8 17. Qe3 Ne5 18. Nxe5 dxe5 19. Qg3 f5 20. exf5 exf5 21. Bh3 Bd6 22. Nd5 Qf7 23. Nc3 f4 24. Qg4 Rfe8 25. Ne4 Bxe4 26. Rxe4 Qb7 27. Qe2 Qe7 28. g3 fxg3 29. fxg3 Bc5+ 30. Kh2 Rxd1 31. Qxd1 Rd8 32. Qe2 Rf8 33. Rxe5 Qd6 34. Re8 h6 35. Rxf8+ Kxf8 36. Qf3+ Kg8 37. Qa8+ Kf7 38. Qb7+ Kf6 39. Qf3+ Ke7 40. Qe4+ Kf8 41. Qf5+ Ke7 42. Qe4+ Kf8 43. Be6 Ke7 44. Bf5+ Kf6 45. Bg4 Qe5 46. Qxe5+ Kxe5 47. Kg2 a5 48. Kf3 b4 49. axb4 axb4 50. Ke2 Bd4 51. c3 bxc3 52. bxc3 Bxc3 53. Kf3 Be1 54. Bc8 1/2-1/2

[Event "Gatineau Nez Rouge"]
[Site "Gatineau CAN"]
[Date "2012.11.27"]
[Round "2"]
[White "Berthiaume, Serge"]
[Black "Kouassi, Karen"]
[Result "0-1"]
[WhiteElo "1418"]
[BlackElo "1167"]
[PlyCount "64"]
[GameId "2160767909411338"]
[EventDate "2012.11.20"]
[EventType "swiss"]
[EventRounds "5"]
[EventCountry "CAN"]
[SourceTitle "EXT 2022"]
[Source "ChessBase"]
[SourceDate "2021.10.06"]
[SourceVersion "1"]
[SourceVersionDate "2021.10.06"]
[SourceQuality "1"]

1. d4 d5 2. Nf3 Nc6 3. c4 e6 4. cxd5 exd5 5. Nc3 Bb4 6. a3 Ba5 7. Bf4 h6 8. b4 Bb6 9. e3 Nf6 10. Bb5 a6 11. Ba4 O-O 12. Bxc6 bxc6 13. O-O Re8 14. Ne5 Bd7 15. Rc1 a5 16. Nxd7 Qxd7 17. Na4 axb4 18. axb4 Re6 19. Ra1 Rae8 20. Nc5 Bxc5 21. bxc5 g5 22. Be5 Ne4 23. h3 f6 24. Bh2 Qf7 25. Qe1 f5 26. Ra7 f4 27. Qa5 R8e7 28. Ra8+ Kg7 29. g3 Rf6 30. gxf4 gxf4 31. Bxf4 Rxf4 32. exf4 Qg6+ 0-1

[Event "Gatineau Nez Rouge"]
[Site "Gatineau CAN"]
[Date "2012.11.27"]
[Round "2"]
[White "Desjardins, Michel"]
[Black "Guimond, Michel"]
[Result "1/2-1/2"]
[WhiteElo "1887"]
[BlackElo "1991"]
[PlyCount "114"]
[GameId "2160767909411339"]
[EventDate "2012.11.20"]
[EventType "swiss"]
[EventRounds "5"]
[EventCountry "CAN"]
[SourceTitle "EXT 2022"]
[Source "ChessBase"]
[SourceDate "2021.10.06"]
[SourceVersion "1"]
[SourceVersionDate "2021.10.06"]
[SourceQuality "1"]

1. e4 e6 2. d4 d5 3. Nc3 Bb4 4. e5 c5 5. a3 Bxc3+ 6. bxc3 Ne7 7. Qg4 Qc7 8. Qxg7 Rg8 9. Qxh7 cxd4 10. Ne2 Nbc6 11. f4 Bd7 12. Qd3 dxc3 13. Nxc3 a6 14. Bd2 Na5 15. h3 Rc8 16. g4 Nc4 17. Qd4 Nxd2 18. Kxd2 Ng6 19. Bd3 Nxf4 20. Raf1 Nxd3 21. cxd3 Qa5 22. Qb4 Rc5 23. Qxa5 Rxa5 24. Ra1 d4 25. Ne4 Rh8 26. Nf6+ Ke7 27. Nxd7 Kxd7 28. h4 Rxe5 29. Raf1 Ke7 30. Rf4 Rd5 31. h5 e5 32. Rf5 f6 33. Rb1 b5 34. Rc1 Rg8 35. Rc6 Rd6 36. Rxd6 Kxd6 37. Rxf6+ Ke7 38. Rxa6 Rxg4 39. Rb6 Rg2+ 40. Kc1 Rh2 41. h6 Kf7 42. Rxb5 Rxh6 43. Rxe5 Ra6 44. Rd5 Ra4 45. Kd2 Kf6 46. Kc2 Rxa3 47. Rxd4 Ke5 48. Rd8 Ra6 49. d4+ Ke4 50. Kc3 Rc6+ 51. Kb4 Rc7 52. d5 Kd4 53. d6 Rc4+ 54. Kb5 Rc5+ 55. Kb6 Kd5 56. d7 Rc6+ 57. Kb7 Rd6 1/2-1/2

[Event "Gatineau Nez Rouge"]
[Site "Gatineau CAN"]
[Date "2012.11.27"]
[Round "2"]
[White "Groleau, Gilles"]
[Black "Scantland, Patrick"]
[Result "1/2-1/2"]
[WhiteElo "1949"]
[BlackElo "1837"]
[PlyCount "78"]
[GameId "2160767909411340"]
[EventDate "2012.11.20"]
[EventType "swiss"]
[EventRounds "5"]
[EventCountry "CAN"]
[SourceTitle "EXT 2022"]
[Source "ChessBase"]
[SourceDate "2021.10.06"]
[SourceVersion "1"]
[SourceVersionDate "2021.10.06"]
[SourceQuality "1"]

1. e4 c5 2. Nc3 d6 3. f4 e6 4. Bb5+ Bd7 5. Bxd7+ Qxd7 6. Nf3 Nc6 7. O-O g6 8. d3 Bg7 9. Be3 Nge7 10. a3 Rb8 11. d4 cxd4 12. Nxd4 O-O 13. Qd2 Nxd4 14. Bxd4 a6 15. Bxg7 Kxg7 16. Rad1 Rfd8 17. e5 d5 18. Kh1 Qc6 19. Ne2 Nf5 20. c3 Rbc8 21. Nd4 Nxd4 22. Qxd4 Qc4 23. Rf2 Qxd4 24. Rxd4 b5 25. g4 f5 26. g5 Rc4 27. Rfd2 Rdc8 28. Kg2 h5 29. Kf3 Kf7 30. Ke3 Ke7 31. Rxc4 Rxc4 32. Rd4 Kd7 33. Kd3 Kc6 34. b3 Rxd4+ 35. Kxd4 a5 36. a4 bxa4 37. bxa4 Kb6 38. c4 dxc4 39. Kxc4 Kc6 1/2-1/2

[Event "Gatineau Nez Rouge"]
[Site "Gatineau CAN"]
[Date "2012.11.27"]
[Round "2"]
[White "Labelle, Julien Sylvain"]
[Black "Legare, Gilles"]
[Result "0-1"]
[WhiteElo "1174"]
[BlackElo "1039"]
[PlyCount "48"]
[GameId "2160767909411341"]
[EventDate "2012.11.20"]
[EventType "swiss"]
[EventRounds "5"]
[EventCountry "CAN"]
[SourceTitle "EXT 2022"]
[Source "ChessBase"]
[SourceDate "2021.10.06"]
[SourceVersion "1"]
[SourceVersionDate "2021.10.06"]
[SourceQuality "1"]

1. e4 e6 2. Nf3 d6 3. d4 Be7 4. Nc3 b6 5. Bb5+ c6 6. Ba4 b5 7. Bb3 Nf6 8. e5 Nd5 9. Ne4 dxe5 10. Nxe5 Nf6 11. Nxc6 Nxc6 12. f3 Nxd4 13. Bg5 Nxe4 14. fxe4 Bxg5 15. c3 Nxb3 16. axb3 Bd7 17. Qf3 e5 18. Rf1 O-O 19. h4 Bd2+ 20. Kxd2 Bg4+ 21. Qd3 Qxh4 22. g3 Qh2+ 23. Ke1 Rad8 24. Qxb5 Qd2# 0-1

[Event "Gatineau Nez Rouge"]
[Site "Gatineau CAN"]
[Date "2012.11.27"]
[Round "2"]
[White "Lavergne, Daniel"]
[Black "Jobin, Gilles G"]
[Result "1-0"]
[WhiteElo "1708"]
[BlackElo "1816"]
[PlyCount "63"]
[GameId "2160767909411342"]
[EventDate "2012.11.20"]
[EventType "swiss"]
[EventRounds "5"]
[EventCountry "CAN"]
[SourceTitle "EXT 2022"]
[Source "ChessBase"]
[SourceDate "2021.10.06"]
[SourceVersion "1"]
[SourceVersionDate "2021.10.06"]
[SourceQuality "1"]

1. e4 g6 2. d4 Bg7 3. Nf3 d6 4. Be2 Nd7 5. O-O c6 6. c4 c5 7. Nc3 cxd4 8. Nxd4 Ngf6 9. Be3 O-O 10. h3 Nc5 11. Qc2 Bd7 12. Rad1 Qc8 13. f4 Bc6 14. Bf3 e5 15. Ndb5 Bxb5 16. Nxb5 Ne8 17. Nxd6 Nxd6 18. Rxd6 exf4 19. Bxf4 Ne6 20. Be3 Be5 21. Rd5 Qc7 22. Bg4 b6 23. Bh6 Rfe8 24. Qf2 f6 25. Kh1 Re7 26. Rfd1 Qxc4 27. Rc1 Qxe4 28. Bf3 Qa4 29. Rxe5 fxe5 30. Bxa8 Qd7 31. Bd5 Rf7 32. Qd2 1-0

[Event "Gatineau Nez Rouge"]
[Site "Gatineau CAN"]
[Date "2012.11.27"]
[Round "2"]
[White "Morel, Joseph"]
[Black "Lemieux, Denis"]
[Result "1-0"]
[WhiteElo "1640"]
[BlackElo "1460"]
[PlyCount "61"]
[GameId "2160767909411343"]
[EventDate "2012.11.20"]
[EventType "swiss"]
[EventRounds "5"]
[EventCountry "CAN"]
[SourceTitle "EXT 2022"]
[Source "ChessBase"]
[SourceDate "2021.10.06"]
[SourceVersion "1"]
[SourceVersionDate "2021.10.06"]
[SourceQuality "1"]

1. d4 c6 2. e4 d5 3. e5 Bf5 4. Nf3 e6 5. Be2 h6 6. O-O c5 7. c3 Nc6 8. Bd3 Bxd3 9. Qxd3 cxd4 10. cxd4 a6 11. a3 Nge7 12. Nc3 g5 13. h3 Nb8 14. Bd2 Nd7 15. Na4 Nc6 16. b4 Nb6 17. Nxb6 Qxb6 18. Rfc1 Be7 19. Be3 Kd7 20. Nd2 Rag8 21. Nb3 g4 22. hxg4 Rxg4 23. Nc5+ Bxc5 24. Rxc5 Qd8 25. Rxd5+ exd5 26. Qf5+ Kc7 27. Qxg4 Qf8 28. Qf3 Ne7 29. Qf6 Ng8 30. Rc1+ Kb8 31. Qxh8 1-0